Países mais próximos de Antígua e Barbuda - Corrida de um minuto - Statistics

Estatísticas Gerais
  • Esse quiz foi jogado 16 vezes
  • A pontuação média é 14 de 20
Estatísticas das Respostas
km país % Correto
333 Santa Lúcia
100%
68 São Cristóvão e Nevis
100%
1317 Cuba
93%
944 Haiti
93%
409 São Vicente e Granadinas
93%
696 Venezuela
86%
467 Barbados
79%
1414 Jamaica
79%
1230 Bahamas
71%
1318 Brasil
71%
1134 Colômbia
71%
154 Dominica
71%
642 Trinidad e Tobago
71%
500 Granada
64%
966 Guiana
64%
688 República Dominicana
64%
1338 Suriname
50%
923 Curaçao
21%
998 Aruba
7%
126 Sint Maarten
0%
Nenhum quiz correspondente encontrado
Distribuição das Pontuações
Porcentagem de Pessoas com Cada Pontuação
Percentil de Números Respondidos
Sua Pontuação Histórica
Você não jogou esse quiz